LEADER 00836nam0-22003131i-450- 001 990003060780403321 035 $a000306078 035 $aFED01000306078 035 $a(Aleph)000306078FED01 035 $a000306078 100 $a20000920d1968----km-y0itay50------ba 101 0 $aita 102 $aIT 200 1 $aEconomic Reforms in Eastern Europe$fby Michael Gamarnikow. 210 $aDetroit$cWayne State University Press$d1968 610 0 $aEuropa orientale$aEconomia 676 $aF/1.413 676 $aF/1.424 676 $aF/1.425 676 $aF/1.7 702 1$aGamarnikow,$bMichael 801 0$aIT$bUNINA$gRICA$2UNIMARC 901 $aBK 912 $a990003060780403321 952 $aN/1.2 GAM$b2716/I$fSES 959 $aSES 996 $aEconomic Reforms in Eastern Europe$9465183 997 $aUNINA DB $aING01 LEADER 01163cam--2200349---450 001 990005855590203316 005 20230607093318.0 010 $a978-88-7812-192-8 035 $a000585559 035 $aUSA01000585559 035 $a(ALEPH)000585559USA01 035 $a000585559 100 $a20130607d2008----km-y0itay5003----ba 101 0 $aita 102 $aIT 105 $a||||||||001yy 200 1 $aFund raising per le biblioteche italiane$eopportunitą ed esperienze$fa cura di Giovanni Di Domenico 210 $aRoma$cAssociazione italiana biblioteche$d2008 215 $a181 p.$d21 cm 300 $aIn testa al frontespizio: Associazione italiana biblioteche, Sezione Marche 606 0 $aBiblioteche$xRaccolta di fondi$2BNCF 676 $a025.11 702 1$aDI DOMENICO,$bGiovanni$f<1952- > 712 01$aAssociazione italiana biblioteche :$bSezione Marche 801 0$aIT$bsalbc$gISBD 912 $a990005855590203316 951 $aI.2.B. 1501$b240597 L.M.$cI.2.$d00319748 951 $aI.2.B. 1501a$b282839 L.M.$cI.2.$d555388 959 $aBK 969 $aUMA 996 $aFund raising per le biblioteche italiane$9231227 997 $aUNISA